LEADER 00999nam a2200241 i 4500 001 000000140653 003 CaOOAMICUS 005 20050623000000.0 008 050623s1949 fr u000 u fre u 013 $a114854 040 $aSeMil$bita 100 1 $aJaspers, Karl,$d<1883-1969>.$0(OLS)http://semarc/name/9270 245 10$aNietzsche et le christianisme /$cKarl Jaspers ; traduit de l'allemand par Jeanne Hersch. 260 $aParis :$bMinuit,$c1949. 300 $a119 p. ;$c19 cm. 490 0 $aPhilosophie etrangere 600 14$aNietzsche, Friedrich <1844-1900>.$0(OLS)http://semarc/subject/638 700 1 $aHersch, Jeanne <1910-1990>.$0(OLS)http://semarc/name/36571 830 0$aPhilosophie etrangere.$0(OLS)http://semarc/title/18308 850 $aSeMil 852 $aSeMil$W1$xVenegono$y1$m2R I 310$j93970$B93970$CSeMilBibl$Z2$F99438 $81 996 $6245$aNietzsche et le christianisme$9(OLS)http://semarc/title/205497 996 $6260$aParis :$bMinuit$9(OLS)http://semarc/publisher/31943 LEADER 01077nam a2200241 i 4500 001 000000051535 003 CaOOAMICUS 005 20061026000000.0 008 061026s1966 it u000 u ita u 013 $a22707 040 $aSeMil$bita 100 1 $aFalco, Giorgio,$d<1888-1966>.$0(OLS)http://semarc/name/14965 245 13$aLa santa Romana Repubblica :$bprofilo storico del Medio evo /$cGiorgio Falco. 250 $a7. Ed. con l'indice dei nomi e degli avvenimenti notevoli. 260 $aMilano ; Napoli :$bRiccardo Ricciardi,$c1966. 300 $aVIII, 424 p. ;$c24 cm. 650 4$aChiesa - Storia - Medioevo.$0(OLS)http://semarc/subject/3291 650 4$aStoria medievale - Studi.$0(OLS)http://semarc/subject/740 850 $aSeMil 852 $aSeMil$W1$xVenegono$y1$m3T III 177$j17690$B17690$CSeMilBibl$Z2$F17691 $81 961 $aLascito: Gogna prof.ssa Silvia 996 $6245$aLa santa Romana Repubblica :$bprofilo storico del Medio evo$9(OLS)http://semarc/title/78965 996 $6260$aMilano ; Napoli :$bRiccardo Ricciardi$9(OLS)http://semarc/publisher/34184